000 00444nam a2200169Ia 4500
003 GCL
008 140319s9999 xx 000 0 eng d
040 _aGCL /
_cGCL
082 0 4 _a748.5
_bC P
100 1 _aCARPENTIER, DIDIER
245 1 0 _aPAINTING ON GLASS /
_cCARPENTIER, DIDIER
260 _aانجلترا :
_bE.P. PUBLISHING LIMITRD ،
_c1982
300 _a64 P
650 0 4 _aPAINTING - GLASS
650 0 4 _aHANDCRAFT
942 _2ddc
_cBK
999 _c12726
_d12726